| 000 | 01518nam a22003977a 4500 | ||
|---|---|---|---|
| 003 | CHAP | ||
| 005 | 20220329143300.0 | ||
| 008 | 080125d2005 es a r 00110 spa d | ||
| 010 | _a94378 | ||
| 011 | _a95350 | ||
| 020 | _a8484761886 | ||
| 035 | _a105973 | ||
| 040 | _cCHAP | ||
| 082 | 0 | 4 |
_a635.52 _bB5f |
| 100 | 0 |
_aBlancard, Dominique. _913053 |
|
| 245 | 1 | 0 |
_aEnfermedades de las lechugas : _bidentificar, conocer, controlar _c/por Dominique Blancard, H. Lot y B. Maisonneuve |
| 260 |
_aMadrid : _bMundi-Prensa, _c2005 |
||
| 300 |
_a375 p. : _bilus. ; cuadros |
||
| 500 | _aTrad. del francés Maladies des salades : identifier, connaître et maîtriser | ||
| 590 |
_aBATCH-UPD _b10 _c20130109 _lUCH01 _h2322 |
||
| 590 |
_aBATCH-UPD _b10 _c20130110 _lUCH01 _h0635 |
||
| 590 |
_aBATCH-UPD _b10 _c20130410 _lUCH01 _h0319 |
||
| 590 |
_aBATCH-UPD _b10 _c20130914 _lUCH01 _h0642 |
||
| 590 |
_aCONVERSION _b10 _c20130109 _lUCH01 _h1352 |
||
| 650 | 1 | 4 |
_aFitopatología. _941161 |
| 650 | 1 | 4 |
_aLechuga _xEnfermedades. _965458 |
| 650 | 1 | 4 |
_aLechuga _xPlagas. _965470 |
| 650 | 1 | 4 |
_aPlantas _xResistencia a enfermedades. _988882 |
| 700 | 1 |
_aLot, H. _968588 |
|
| 700 | 1 |
_aMaisonneuve, B. _969931 |
|
| 901 | _aBK | ||
| 942 | _cLIBRO | ||
| 949 |
_a635.52 B5f _bBC _cLIBRO _d33724002045827 _eLIBRO _gI.c/e _h108966 _i105973 _so _t$998.00 |
||
| 949 |
_a635.52 B5f _bBC _cLIBRO _d33724002075868 _eLIBRO _fc.2 _gI.c/e _h109917 _i105973 _so _t$1.584.00 |
||
| 949 |
_a635.52 B5f _bBC _cLIBRO _d33724002075900 _eLIBRO _fc.3 _gI.c/e _h109918 _i105973 _si _t$1.584.00 |
||
| 999 |
_c94378 _d94378 |
||